000 01783nam2a22002531 4500
001 RU\NLR\INFOCOMM19\1000039559
005 20250617161843.0
035 _a(NLR Aleph) 002771264
090 _a2321024
_c2321024
100 _a20040224d1980 |||y0rusy50 ca
101 0 _arus
102 _aRU
105 _ay |||||||||
200 1 _aИзучение спроса населения для обоснования заявок на потребность в товарах народного потребления и заказов на их поставку в области (крае, АССР)
_fВ.Г. Беззубова и др.
210 _d1980
_aБ. м.
461 0 _1001RU\NLR\INFOCOMM19\1000039534
_12001#$aГосударственная торговля$iСерия "Изучение конъюнктуры торговли и спроса населения на товары народного потребления"$fМ-во торг. СССР. ЦНИИ науч., техн. и экон. информации в торговле и обществ. питании. Обзорная информация$v1980, Вып.1
_92320807
_cМ.
_d1972-
_fМ-во торг. СССР. ЦНИИ науч., техн. и экон. информации в торговле и обществ. питании. Обзорная информация
_iСерия "Изучение конъюнктуры торговли и спроса населения на товары народного потребления"
_tГосударственная торговля
_v1980, Вып.1
700 1 _aБеззубова
_bВ.Г.
_4070
801 1 _aRU
_bInfoComm
_c20040224
801 0 _aRU
_bNLR
_gPSBO
852 _aNLR
_jП22/3609
942 _cISSUE
980 _aNB
980 _aRUSPER